Blackstone's EU Treatise & Legislation 2016-2017 / (Record no. 613791)

000 -LEADER
fixed length control field 00362nam a22001337a 4500
020 ## - INTERNATIONAL STANDARD BOOK NUMBER
International Standard Book Number 9780198768326
082 ## - DEWEY DECIMAL CLASSIFICATION NUMBER
Classification number 341.2422
Author Mark BLA
245 ## - TITLE STATEMENT
Title Blackstone's EU Treatise & Legislation 2016-2017 /
Statement of responsibility, etc. Edited by Nigel Foster
250 ## - EDITION STATEMENT
Edition statement 27th Edition.
260 ## - PUBLICATION, DISTRIBUTION, ETC.
Place of publication, distribution, etc. Oxford:
Name of publisher, distributor, etc. Oxford University Press,
Date of publication, distribution, etc. 2016.
300 ## - PHYSICAL DESCRIPTION
Extent 658 p.
563 ## - BINDING INFORMATION
Binding note PB.
942 ## - ADDED ENTRY ELEMENTS (KOHA)
Source of classification or shelving scheme
Koha item type Book
Holdings
Withdrawn status Lost status Source of classification or shelving scheme Damaged status Not for loan Permanent Location Current Location Date acquired Total Checkouts Full call number Barcode Date last seen Date last checked out Price effective from Koha item type
          NUST Law School (NLS) NUST Law School (NLS) 05/20/2025 1 341.2422 BLA NLSD-105 11/10/2025 09/16/2025 05/20/2025 Book
© 2023 Central Library, National University of Sciences and Technology. All Rights Reserved.